LDR 00828naa#a2200157#i#450# 001 RU\\bibl\20027 005 20260701074848.3 100 ## _a20260630b2026####ek#y0rusy0150####ca 102 ## _aRU 200 1# _aВЕРОЯТНОСТНОЕ ОБОСНОВАНИЕ МЕТОДА НАИМЕНЬШИХ КВАДРАТОВ ЧЕРЕЗ ПРИНЦИП МАКСИМАЛЬНОГО ПРАВДОПОДОБИЯ _eСтатья/тезисы конференции 210 1# _aВоронеж _cВоронежский государственный лесотехнический университет имени Г.Ф. Морозова _d2026 215 ## _a9 с. 608 ## _aСтатья/тезисы конференции _2local 675 ## _aМетод наименьших квадратов. 519.654 _z 700 #1 _aСпесивцев _gГ. А. 856 4# _abibl.vgltu.ru _u